[Event "2. Bundesliga West 2013/14"]
[Site "Salzburg"]
[Date "2013.12.01"]
[Round "5"]
[Board "5"]
[White "Rusche, Johannes"]
[Black "Atlas, Dmitry"]
[Result "*"]
[WhiteElo "2229"]
[BlackElo "2177"]
[PlyCount "129"]
[EventDate "2013.10.18"]
[EventType "team"]
[EventRounds "11"]
[EventCountry "AUT"]
[WhiteTeam "Kufstein / Woergl"]
[BlackTeam "Hohenems II"]

1.e4 e6 2.d4 d5 3.Nd2 Nf6 4.e5 Nfd7 5.Bd3 c5 6.c3 Nc6 7.Ne2 cxd4 8.cxd4 f6 9.exf6
Nxf6 10.O-O Bd6 11.Nf3 Qc7 12.g3 O-O 13.Bf4 Bd7 14.Rc1 Bxf4 15.Nxf4 Qb6 16.b3 Rae8
17.Re1 Nxd4 18.Nxd4 e5 19.Nxd5 Qxd4 20.Bc4 Kh8 21.Nxf6 Rxf6 22.Qxd4 exd4 23.Rxe8+
Bxe8 24.Bd5 Bc6 25.Bxc6 bxc6 26.Kf1 Kg8 27.Rc4 Rd6 28.Ke2 Kf7 29.Kd3 Rf6 30.f4 Rh6
31.Rc2 Ke7 32.Kxd4 Kd6 33.Re2 Rh5 34.Rd2 Ra5 35.Ke4+ Ke7 36.h3 Rc5 37.g4 h5 38.Kd4
Ra5 39.a4 hxg4 40.hxg4 Rd5+ 41.Kc3 Rc5+ 42.Kb2 Ra5 43.Rd4 g5 44.Re4+ Kf7 45.f5 Rd5
46.Kc2 a5 47.Rc4 c5 48.Re4 Rd6 49.Rc4 Rd5 50.Kc3 Rd1 51.Rxc5 Rc1+ 52.Kd4 Rg1 53.Ke5
Rxg4 54.Rxa5 Rg3 55.Ra7+ Ke8 56.Kf6 g4 57.Ra8+ Kd7 58.Rg8 Rxb3 59.Rxg4 Rf3 60.Re4
Rf1 61.Kg6 Kd6 62.f6 Rg1+ 63.Kh7 Rh1+ 64.Kg7 Rg1+ 65.Kf8

[Event "2. Bundesliga West 2013/14"]
[Site "Salzburg"]
[Date "2013.12.01"]
[Round "5"]
[Board "6"]
[White "Sandholzer, Robert"]
[Black "Neuschmied, Siegfried"]
[Result "*"]
[WhiteElo "2192"]
[BlackElo "2221"]
[PlyCount "78"]
[EventDate "2013.10.18"]
[EventType "team"]
[EventRounds "11"]
[EventCountry "AUT"]
[WhiteTeam "Hohenems II"]
[BlackTeam "Kufstein / Woergl"]

1.e4 d6 2.d4 Nf6 3.Nc3 g6 4.Be3 Bg7 5.h3 c6 6.f4 Qa5 7.Bd3 d5 8.e5 Nfd7 9.Nf3 Nb6
10.O-O Bf5 11.Bxf5 gxf5 12.Ng5 h5 13.Qd3 e6 14.g4 Qa6 15.Qd1 hxg4 16.hxg4 Nc4 17.Bc1
c5 18.gxf5 cxd4 19.fxe6 dxc3 20.exf7+ Ke7 21.Qxd5 Qb6+ 22.Kg2 cxb2 23.Qxc4 bxc1=Q
24.Raxc1 Qc6+ 25.Qxc6 Nxc6 26.Kf3 Rh2 27.Rfd1 Bh6 28.Rd5 Rf8 29.Rcd1 Bxg5 30.Rd7+
Ke6 31.R7d6+ Kf5 32.fxg5 Nxe5+ 33.Kg3 Re2 34.g6 Re3+ 35.Kg2 Ng4 36.R6d5+ Kf4 37.R5d4+
Kg5 38.Rd5+ Kh4 39.R5d4 Re5

[Event "2. Bundesliga West 2013/14"]
[Site "Salzburg"]
[Date "2013.12.01"]
[Round "5"]
[Board "1"]
[White "Wegener, Olaf"]
[Black "Roth, Peter"]
[Result "*"]
[WhiteElo "2437"]
[BlackElo "2191"]
[PlyCount "89"]
[EventDate "2013.10.18"]
[EventType "team"]
[EventRounds "11"]
[EventCountry "AUT"]
[WhiteTeam "Rochade Rum"]
[BlackTeam "ASK Salzburg 1"]

1.e4 c5 2.Nf3 e6 3.d4 cxd4 4.Nxd4 Bc5 5.Nb3 Bb6 6.c4 Ne7 7.Nc3 O-O 8.g3 f5 9.Bg2 a6
10.O-O Nbc6 11.Bf4 Bc7 12.Bxc7 Qxc7 13.Nd5 Qd8 14.Nxe7+ Qxe7 15.exf5 Rxf5 16.Qd2 Rf7
17.c5 a5 18.Rac1 Qf6 19.a4 Rb8 20.Qd6 Ra8 21.Qd2 Rb8 22.Qd6 Ra8 23.Rc3 Qe7 24.Qd2
Qf8 25.Nd4 Nxd4 26.Qxd4 h6 27.Rb3 Rf5 28.Rb5 Ra6 29.Be4 Rf7 30.Rd1 Ra7 31.Rb6 Kh8
32.Rd2 Qe7 33.Qe5 Rf8 34.Kg2 Qf6 35.Qd6 Ra6 36.Rxa6 bxa6 37.f4 Re8 38.Qe5 Kg8 39.Rd6
Kf8 40.c6 Qxe5 41.fxe5 Ke7 42.c7 Kf8 43.h4 g5 44.hxg5 hxg5 45.Rb6

[Event "2. Bundesliga West 2013/14"]
[Site "Salzburg"]
[Date "2013.12.01"]
[Round "5"]
[Board "2"]
[White "Harringer, Franz"]
[Black "Braeuer, Franz"]
[Result "*"]
[WhiteElo "2264"]
[BlackElo "2297"]
[PlyCount "139"]
[EventDate "2013.10.18"]
[EventType "team"]
[EventRounds "11"]
[EventCountry "AUT"]
[WhiteTeam "ASK Salzburg 1"]
[BlackTeam "Rochade Rum"]

1.e4 c5 2.Nf3 d6 3.d4 cxd4 4.Nxd4 Nf6 5.Nc3 a6 6.Bc4 e6 7.Bb3 Nbd7 8.O-O Nc5 9.f4
Be7 10.e5 dxe5 11.fxe5 Nxb3 12.axb3 Bc5 13.Be3 Nd5 14.Bf2 Nxc3 15.bxc3 O-O 16.b4 Be7
17.Nb5 Bd7 18.Nd6 Qc7 19.Bd4 f5 20.Qh5 Be8 21.Qe2 Bg6 22.c4 a5 23.c5 axb4 24.Qc4 Qd7
25.Qxb4 f4 26.Rxa8 Rxa8 27.Qxb7 Qxb7 28.Nxb7 Bxc2 29.Rxf4 Ba4 30.Nd6 Bc6 31.Rf2 Ra4
32.Be3 Ra3 33.Re2 Ra1+ 34.Kf2 Bh4+ 35.g3 Bd8 36.Rb2 Bc7 37.Bd4 Rh1 38.Ke3 Re1+ 39.Kd3
Kf8 40.Rf2+ Kg8 41.Nc8 Bd8 42.Bc3 Rd1+ 43.Rd2 Bb5+ 44.Kc2 Ba4+ 45.Kb2 Rxd2+ 46.Bxd2
Bc7 47.Ka3 Bd1 48.Bc3 Kf8 49.Kb4 Be2 50.c6 Ke8 51.Kc5 Kd8 52.Nd6 h6 53.Ne4 Bf3 54.Nf2
Ke7 55.Nd3 g5 56.Nb4 Kd8 57.Nc2 Be4 58.Ne3 Bf3 59.Nc4 Be4 60.Nd6 Bg6 61.Bb4 Bh5 62.h4
gxh4 63.gxh4 Bg6 64.Bd2 Bd3 65.Bxh6 Ke7 66.Bg5+ Kf8 67.Bf6 Be2 68.Nb5 Bxb5 69.Kxb5
Ke8 70.Ka6

[Event "2. Bundesliga West 2013/14"]
[Site "Salzburg"]
[Date "2013.12.01"]
[Round "5"]
[Board "3"]
[White "Zimmermann, Ulrich"]
[Black "Juergens, Klaus"]
[Result "*"]
[WhiteElo "2272"]
[BlackElo "2140"]
[PlyCount "79"]
[EventDate "2013.10.18"]
[EventType "team"]
[EventRounds "11"]
[EventCountry "AUT"]
[WhiteTeam "Rochade Rum"]
[BlackTeam "ASK Salzburg 1"]

1.d4 g6 2.e4 Bg7 3.c4 d6 4.Nc3 Nf6 5.Bd3 O-O 6.Nge2 c5 7.d5 e6 8.O-O Ng4 9.Bc2 Ne5
10.b3 exd5 11.exd5 Re8 12.f4 Ng4 13.Rf3 Bxc3 14.Rxc3 Qh4 15.Ng3 Qxh2+ 16.Kf1 h5 17.f5
Nd7 18.Bf4 Nde5 19.Qd2 Bxf5 20.Bxf5 gxf5 21.Qc2 Ng6 22.Qxf5 Re7 23.Qxh5 Nxf4 24.Qxg4+
Ng6 25.Kf2 Qh8 26.Rac1 Qf6+ 27.Kg1 Rae8 28.Rf3 Re1+ 29.Rxe1 Rxe1+ 30.Kf2 Qe7 31.Qc8+
Kh7 32.Rxf7+ Qxf7+ 33.Kxe1 Qf4 34.Qd7+ Kg8 35.Qe6+ Kh7 36.Nf5 Qc1+ 37.Kf2 Qf4+ 38.Kg1
Qc1+ 39.Kh2 Qc3 40.Qf7+

[Event "2. Bundesliga West 2013/14"]
[Site "Salzburg"]
[Date "2013.12.01"]
[Round "5"]
[Board "4"]
[White "Scheiblmaier, Robert"]
[Black "Pogan, Nikolas"]
[Result "0-1"]
[WhiteElo "2184"]
[BlackElo "2293"]
[PlyCount "100"]
[EventDate "2013.10.18"]
[EventType "team"]
[EventRounds "11"]
[EventCountry "AUT"]
[WhiteTeam "ASK Salzburg 1"]
[BlackTeam "Rochade Rum"]

1.d4 d6 2.c4 e5 3.e3 g6 4.Nf3 Bg7 5.Be2 Nd7 6.Nc3 Ngf6 7.O-O O-O 8.b4 Re8 9.a4 e4
10.Nd2 Nf8 11.b5 h5 12.Ba3 N8h7 13.a5 Bf5 14.a6 b6 15.Na2 Ng4 16.Qe1 Qh4 17.Bxg4 Qxg4
18.Nb4 Ng5 19.Kh1 h4 20.Qd1 h3 21.Qxg4 Bxg4 22.g3 f5 23.Nd5 Rac8 24.Rfc1 Ne6 25.Bb2
g5 26.Kg1 Nc5 27.Nb4 f4 28.Ra2 Nd3 29.Nxd3 exd3 30.e4 fxg3 31.f3 gxh2+ 32.Kxh2 Bd7
33.d5 Bh6 34.Bc3 Kh7 35.Rf1 Rf8 36.Raa1 Rce8 37.Kg3 Rf4 38.Bd4 Rh4 39.Be3 h2 40.Rh1
Rh3+ 41.Kg2 Bg7 42.Ra3 Be5 43.Rxd3 g4 44.Bd4 gxf3+ 45.Nxf3 Rg8+ 46.Kf2 Bxd4+ 47.Rxd4
Rf8 48.Rd3 Bg4 49.Kg2 Rhxf3 50.Rxf3 Bxf3+ 0-1

[Event "2. Bundesliga West 2013/14"]
[Site "Salzburg"]
[Date "2013.12.01"]
[Round "5"]
[Board "5"]
[White "Hoellrigl, Wilfried"]
[Black "Loeffler, Christoph"]
[Result "0-1"]
[WhiteElo "2183"]
[BlackElo "2167"]
[PlyCount "46"]
[EventDate "2013.10.18"]
[EventType "team"]
[EventRounds "11"]
[EventCountry "AUT"]
[WhiteTeam "Rochade Rum"]
[BlackTeam "ASK Salzburg 1"]

1.e4 d5 2.exd5 Nf6 3.d4 Bg4 4.Be2 Bxe2 5.Qxe2 Qxd5 6.Nf3 Nc6 7.Nc3 Qh5 8.Bf4 O-O-O
9.O-O-O e6 10.h3 Bb4 11.Ne4 Qf5 12.Bg5 Nxe4 13.Bxd8 Rxd8 14.Qe3 Be7 15.g4 Qd5 16.Kb1
Nb4 17.b3 Nxa2 18.Kb2 Qa5 19.c4 Ba3+ 20.Kc2 Nb4+ 21.Kb1 Bb2 22.Kxb2 Qa2+ 23.Kc1 Qc2# 0-1

[Event "2. Bundesliga West 2013/14"]
[Site "Salzburg"]
[Date "2013.12.01"]
[Round "5"]
[Board "6"]
[White "Herrmann, Michael"]
[Black "Jedinger, Andreas"]
[Result "*"]
[WhiteElo "2115"]
[BlackElo "2169"]
[PlyCount "38"]
[EventDate "2013.10.18"]
[EventType "team"]
[EventRounds "11"]
[EventCountry "AUT"]
[WhiteTeam "ASK Salzburg 1"]
[BlackTeam "Rochade Rum"]

1.c4 c5 2.g3 Nc6 3.Bg2 g6 4.Nc3 Bg7 5.d3 e5 6.e3 d6 7.Nge2 h5 8.h4 Nh6 9.b3 O-O 10.Bb2
Ng4 11.Qd2 Bh6 12.Nd5 Nd4 13.O-O Nf5 14.Bf3 Be6 15.Nec3 Rb8 16.a4 Nd4 17.Bd1 Nf5 18.Bf3
Nd4 19.Bd1 Nf6

[Event "2. Bundesliga West 2013/14"]
[Site "Salzburg"]
[Date "2013.12.01"]
[Round "5"]
[Board "1"]
[White "Klocker, Benedikt"]
[Black "Zelcic, Robert"]
[Result "0-1"]
[WhiteElo "2193"]
[BlackElo "2541"]
[PlyCount "40"]
[EventDate "2013.10.18"]
[EventType "team"]
[EventRounds "11"]
[EventCountry "AUT"]
[WhiteTeam "Dornbirn"]
[BlackTeam "Schwarzach"]

1.d4 Nf6 2.Nf3 e6 3.c4 c5 4.d5 b5 5.dxe6 fxe6 6.cxb5 a6 7.bxa6 Bxa6 8.g3 Be7 9.Bg2
Nc6 10.O-O O-O 11.Re1 Qb6 12.Nc3 Rad8 13.Qc2 Nd4 14.Nxd4 cxd4 15.Ne4 d5 16.Ng5 h6
17.Nf3 Ne4 18.e3 d3 19.Qa4 Bb4 20.Rd1 Nc5 0-1

[Event "2. Bundesliga West 2013/14"]
[Site "Salzburg"]
[Date "2013.12.01"]
[Round "5"]
[Board "2"]
[White "Krstic, Uros"]
[Black "Leutwyler, Martin"]
[Result "*"]
[WhiteElo "2439"]
[BlackElo "2159"]
[PlyCount "121"]
[EventDate "2013.10.18"]
[EventType "team"]
[EventRounds "11"]
[EventCountry "AUT"]
[WhiteTeam "Schwarzach"]
[BlackTeam "Dornbirn"]

1.g3 Nf6 2.Bg2 d5 3.d3 c6 4.Nf3 Bg4 5.h3 Bh5 6.g4 Bg6 7.Nh4 e6 8.Nd2 Bd6 9.e3 Nbd7
10.b3 Qe7 11.Nxg6 hxg6 12.a3 Be5 13.Ra2 Bc3 14.Kf1 Ne5 15.Nb1 Ba5 16.Bb2 Bc7 17.d4
Ned7 18.c4 Ne4 19.Nc3 Ndf6 20.Qd3 Nxc3 21.Bxc3 g5 22.b4 a6 23.Be1 g6 24.Re2 dxc4 25.Qxc4
Nd5 26.Be4 Kf8 27.Kg2 Kg7 28.Bd2 Rad8 29.Bc1 Rc8 30.Bb2 Rhd8 31.Rc2 Qd6 32.Qc5 Qd7
33.Rcc1 Bd6 34.Qc2 Qe7 35.Rhe1 Bc7 36.Qe2 Qd6 37.Rh1 Qe7 38.Qf3 Qf6 39.Qxf6+ Kxf6
40.h4 gxh4 41.Rxh4 Rh8 42.Rch1 Rxh4 43.Rxh4 Kg7 44.Rh1 Rh8 45.Rxh8 Kxh8 46.Bd3 Kg7
47.Kf3 f5 48.Bc4 Kf6 49.gxf5 gxf5 50.Ke2 b5 51.Bb3 a5 52.bxa5 Bxa5 53.Kd3 Ke7 54.f3
Kd6 55.Bc1 e5 56.e4 fxe4+ 57.fxe4 Nc7 58.dxe5+ Kxe5 59.a4 Kd6 60.Bf4+ Kd7 61.Bxc7

[Event "2. Bundesliga West 2013/14"]
[Site "Salzburg"]
[Date "2013.12.01"]
[Round "5"]
[Board "3"]
[White "Kanonier, Clemens"]
[Black "Roeberg, Frank"]
[Result "0-1"]
[WhiteElo "2112"]
[BlackElo "2226"]
[PlyCount "72"]
[EventDate "2013.10.18"]
[EventType "team"]
[EventRounds "11"]
[EventCountry "AUT"]
[WhiteTeam "Dornbirn"]
[BlackTeam "Schwarzach"]

1.e4 e5 2.Bc4 Nf6 3.d3 Nc6 4.Nf3 Bc5 5.c3 O-O 6.Bg5 h6 7.Bh4 Be7 8.Nbd2 d6 9.Bb3 Nh5
10.Bxe7 Qxe7 11.g3 g6 12.Nh4 Kh7 13.Nc4 Nd8 14.Ne3 c6 15.Qd2 Be6 16.Bd1 Ng7 17.Bc2
d5 18.exd5 cxd5 19.d4 exd4 20.Qxd4 Nc6 21.Qa4 d4 22.cxd4 b5 23.Qa3 Qxa3 24.bxa3 Nxd4
25.Bd1 Rac8 26.a4 bxa4 27.Bxa4 g5 28.Nhg2 Nf3+ 29.Ke2 g4 30.Rad1 Nf5 31.Bc2 Rxc2+
32.Nxc2 Bc4+ 33.Rd3 Re8+ 34.Nge3 Nxe3 35.Nxe3 Ba6 36.Rhd1 Ne5 0-1

[Event "2. Bundesliga West 2013/14"]
[Site "Salzburg"]
[Date "2013.12.01"]
[Round "5"]
[Board "5"]
[White "Gsteu, Peter"]
[Black "Ljubic, Juro"]
[Result "*"]
[WhiteElo "2146"]
[BlackElo "2227"]
[PlyCount "70"]
[EventDate "2013.10.18"]
[EventType "team"]
[EventRounds "11"]
[EventCountry "AUT"]
[WhiteTeam "Dornbirn"]
[BlackTeam "Schwarzach"]

1.d4 Nf6 2.Nf3 e6 3.Bf4 c5 4.e3 b6 5.Nbd2 Bb7 6.c3 Be7 7.Bd3 d5 8.Ne5 O-O 9.Qf3 Nbd7
10.Qh3 g6 11.Bh6 Re8 12.g4 cxd4 13.Nxd7 Nxd7 14.exd4 e5 15.O-O e4 16.Bb5 a6 17.Ba4
b5 18.Bb3 Bg5 19.Rae1 Bxh6 20.Qxh6 Qf6 21.Re3 Qg7 22.Qh4 Nf8 23.g5 Ne6 24.Qg3 f5 25.gxf6
Qxf6 26.f3 exf3 27.Rexf3 Qe7 28.Re3 Qg5 29.Rfe1 Qxg3+ 30.hxg3 Ng7 31.Re7 Kf8 32.Rxe8+
Rxe8 33.Rxe8+ Nxe8 34.Kf2 Ke7 35.Ke3 Nd6

[Event "2. Bundesliga West 2013/14"]
[Site "Salzburg"]
[Date "2013.12.01"]
[Round "5"]
[Board "6"]
[White "Hajdarevic, Dino"]
[Black "Proyer, Enno"]
[Result "*"]
[WhiteElo "2098"]
[BlackElo "1956"]
[PlyCount "139"]
[EventDate "2013.10.18"]
[EventType "team"]
[EventRounds "11"]
[EventCountry "AUT"]
[WhiteTeam "Schwarzach"]
[BlackTeam "Dornbirn"]

1.d4 f5 2.Nf3 Nf6 3.g3 e6 4.Bg2 d5 5.O-O Bd6 6.b3 Qe7 7.Bb2 O-O 8.c4 c6 9.Qc1 Ne4
10.Ba3 b6 11.Bxd6 Qxd6 12.Nbd2 Nd7 13.Qb2 a5 14.a3 Ba6 15.Rac1 Rfd8 16.Rfd1 Nxd2 17.Rxd2
b5 18.c5 Qe7 19.Qc3 Bc8 20.Qe3 Qf6 21.Qf4 Re8 22.Qd6 e5 23.dxe5 Nxe5 24.Nd4 Kf7 25.Nxc6
Nxc6 26.Bxd5+ Be6 27.Bxc6 Red8 28.Qc7+ Kf8 29.Rcd1 Rxd2 30.Rxd2 Rc8 31.Qd6+ Qe7 32.b4
axb4 33.axb4 Bc4 34.Qxe7+ Kxe7 35.Rd7+ Kf6 36.Rd6+ Ke7 37.Bf3 Rc7 38.Rb6 Kf8 39.c6
Ke7 40.h4 Kd6 41.Rb8 g6 42.Rd8+ Ke7 43.Rb8 Kd6 44.Ra8 Ke6 45.Ra5 Ke5 46.e3 Kd6 47.Bg2
Re7 48.Ra3 Ke5 49.f4+ Kd6 50.Kf2 h5 51.Ke1 Ke6 52.Kd2 Rc7 53.Ra5 Rc8 54.Ra7 Bd5 55.Bxd5+
Kxd5 56.Kd3 Kxc6 57.Ra6+ Kd5 58.Rxg6 Ra8 59.Rf6 Ra3+ 60.Ke2 Kc4 61.Rxf5 Kxb4 62.Rxh5
Kc4 63.Rh8 b4 64.h5 b3 65.Rc8+ Kd5 66.h6 Ra2+ 67.Kd3 Rh2 68.Rb8 b2 69.h7 Rxh7 70.Rxb2

[Event "2. Bundesliga West 2013/14"]
[Site "Salzburg"]
[Date "2013.12.01"]
[Round "5"]
[Board "1"]
[White "Schramm, Christian"]
[Black "Panteleev, Petar"]
[Result "*"]
[WhiteElo "2394"]
[BlackElo "2306"]
[PlyCount "75"]
[EventDate "2013.10.18"]
[EventType "team"]
[EventRounds "11"]
[EventCountry "AUT"]
[WhiteTeam "SIR Bernhard 2"]
[BlackTeam "Schwaz"]

1.e4 e5 2.Nf3 Nc6 3.d4 exd4 4.Nxd4 Bc5 5.Nb3 Bb6 6.Nc3 d6 7.Bf4 Be6 8.Qd2 Nf6 9.O-O-O
h6 10.f3 Nh5 11.Be3 Bxe3 12.Qxe3 Qg5 13.Qd2 O-O-O 14.g3 Qxd2+ 15.Rxd2 g5 16.Nd4 Nxd4
17.Rxd4 c6 18.Be2 Nf6 19.Rdd1 d5 20.exd5 Nxd5 21.Nxd5 Rxd5 22.Rxd5 Bxd5 23.Rf1 Kd8
24.c4 Be6 25.Kd2 Ke7 26.Kc3 h5 27.f4 f6 28.f5 Bf7 29.b4 h4 30.g4 Kd7 31.Rd1+ Ke7 32.c5
Rd8 33.Rxd8 Kxd8 34.Bc4 Be8 35.a4 Bd7 36.Kd4 Ke7 37.a5 a6 38.Ke4

[Event "2. Bundesliga West 2013/14"]
[Site "Salzburg"]
[Date "2013.12.01"]
[Round "5"]
[Board "3"]
[White "Lammers, Markus"]
[Black "Blaas, Hansjoerg"]
[Result "*"]
[WhiteElo "2353"]
[BlackElo "2261"]
[PlyCount "59"]
[EventDate "2013.10.18"]
[EventType "team"]
[EventRounds "11"]
[EventCountry "AUT"]
[WhiteTeam "SIR Bernhard 2"]
[BlackTeam "Schwaz"]

1.Nf3 c5 2.c4 Nc6 3.d4 cxd4 4.Nxd4 Nf6 5.Nc3 g6 6.Nc2 Bg7 7.e4 d6 8.Be2 O-O 9.O-O
Bd7 10.Bg5 Rc8 11.Qd2 a6 12.Rad1 Be6 13.b3 Qa5 14.Rc1 b5 15.b4 Nxb4 16.Nd5 Bxd5 17.exd5
Ne4 18.Qxb4 Qxb4 19.Nxb4 Nxg5 20.cxb5 axb5 21.Bxb5 Rc5 22.Rxc5 dxc5 23.Nc6 e5 24.Re1
f6 25.d6 Nf7 26.Bc4 f5 27.d7 Bf6 28.Nxe5 Bxe5 29.Rxe5 Kg7 30.Re7

[Event "2. Bundesliga West 2013/14"]
[Site "Salzburg"]
[Date "2013.12.01"]
[Round "5"]
[Board "5"]
[White "Huch, Reiner"]
[Black "Kondrak, Christof"]
[Result "*"]
[WhiteElo "2334"]
[BlackElo "2165"]
[PlyCount "96"]
[EventDate "2013.10.18"]
[EventType "team"]
[EventRounds "11"]
[EventCountry "AUT"]
[WhiteTeam "SIR Bernhard 2"]
[BlackTeam "Schwaz"]

1.Nf3 d5 2.d4 Nf6 3.c4 e6 4.Nbd2 Be7 5.g3 O-O 6.Bg2 b6 7.O-O Bb7 8.Ne5 Nbd7 9.Nd3
Qc8 10.cxd5 exd5 11.Nf4 Bd6 12.Nb1 Re8 13.Nc3 c6 14.Qc2 Nf8 15.Re1 Qd8 16.Bd2 Bxf4
17.Bxf4 Ne6 18.Qd2 Ne4 19.Nxe4 dxe4 20.Red1 Qd5 21.b3 Rad8 22.Be3 Rd6 23.Qc2 f5 24.f3
Nf8 25.fxe4 fxe4 26.Rf1 Bc8 27.Bf4 Rf6 28.Be5 Rxf1+ 29.Rxf1 c5 30.Bxe4 Qe6 31.Bd3
Qh6 32.Bc4+ Kh8 33.Qe4 Bh3 34.Rf4 Be6 35.Qc6 Qg6 36.Qd6 Bxc4 37.bxc4 Qxd6 38.Bxd6
Ng6 39.Rf7 cxd4 40.Rxa7 h5 41.Kf2 Re6 42.Rd7 Kh7 43.Bf4 Nxf4 44.gxf4 Re4 45.f5 Rf4+
46.Kg3 Rxf5 47.Rxd4 Ra5 48.Rd2 Rc5

[Event "2. Bundesliga West 2013/14"]
[Site "Salzburg"]
[Date "2013.12.01"]
[Round "5"]
[Board "6"]
[White "Binder, Moriz"]
[Black "Pflug, Mathias"]
[Result "*"]
[WhiteElo "2044"]
[BlackElo "2298"]
[PlyCount "65"]
[EventDate "2013.10.18"]
[EventType "team"]
[EventRounds "11"]
[EventCountry "AUT"]
[WhiteTeam "Schwaz"]
[BlackTeam "SIR Bernhard 2"]

1.d4 f5 2.c4 Nf6 3.Nc3 g6 4.g3 Bg7 5.Bg2 O-O 6.Nf3 d6 7.O-O Qe8 8.Re1 Qf7 9.e4 fxe4
10.Ng5 Qe8 11.Ncxe4 Nxe4 12.Nxe4 Qf7 13.Be3 Na6 14.Rc1 Rb8 15.Qa4 Qe8 16.Qa5 b6 17.Qd2
c5 18.Bh6 Qf7 19.Bxg7 Qxg7 20.Nc3 Nc7 21.d5 Bd7 22.Re2 Rf7 23.Rce1 a6 24.Qg5 Kf8 25.Nd1
b5 26.b3 bxc4 27.bxc4 Rb1 28.Be4 Rb4 29.Bd3 Qf6 30.Qxf6 exf6 31.Rb2 Re7 32.Rxe7 Rxb2
33.Nxb2

[Event "2. Bundesliga West 2013/14"]
[Site "Salzburg"]
[Date "2013.12.01"]
[Round "5"]
[Board "1"]
[White "Medvegy, Zoltan"]
[Black "Burschowsky, Matthias"]
[Result "*"]
[WhiteElo "2516"]
[BlackElo "2186"]
[PlyCount "59"]
[EventDate "2013.10.18"]
[EventType "team"]
[EventRounds "11"]
[EventCountry "AUT"]
[WhiteTeam "Ranshofen"]
[BlackTeam "Pradl"]

1.d4 Nf6 2.Nf3 g6 3.c4 c5 4.d5 Bg7 5.Nc3 d6 6.g3 O-O 7.Bg2 e6 8.O-O exd5 9.cxd5 Re8
10.Bf4 Nh5 11.Bg5 Bf6 12.Bh6 b5 13.Nxb5 Bxb2 14.Rb1 Bf6 15.Nd2 a6 16.Na3 Bd7 17.Nac4
Bb5 18.a4 Bxc4 19.Nxc4 Bg7 20.Bxg7 Kxg7 21.Rb6 Nd7 22.Rxd6 Rb8 23.Rxa6 Rb4 24.Qd3
Nb8 25.Ra7 Nf6 26.a5 Nbd7 27.d6 Qb8 28.Ra8 Qb5 29.Rxe8 Nxe8 30.Rc1

[Event "2. Bundesliga West 2013/14"]
[Site "Salzburg"]
[Date "2013.12.01"]
[Round "5"]
[Board "2"]
[White "Sucher, Johannes"]
[Black "Dovzik, Juri"]
[Result "0-1"]
[WhiteElo "2198"]
[BlackElo "2335"]
[PlyCount "52"]
[EventDate "2013.10.18"]
[EventType "team"]
[EventRounds "11"]
[EventCountry "AUT"]
[WhiteTeam "Pradl"]
[BlackTeam "Ranshofen"]

1.d4 c5 2.c3 e6 3.Nf3 Nf6 4.Bg5 b6 5.Nbd2 Bb7 6.e3 Be7 7.Bd3 d5 8.Ne5 Nfd7 9.Bxe7
Qxe7 10.f4 Nc6 11.O-O O-O 12.Nxd7 Qxd7 13.Bxh7+ Kxh7 14.Qh5+ Kg8 15.Rf3 f6 16.Rh3
Ne7 17.Nf3 Ba6 18.Re1 Bd3 19.g4 Bg6 20.Qh4 Kf7 21.Qf2 Rh8 22.Nh4 Be4 23.g5 Ng6 24.gxf6
Rxh4 25.Rxh4 Nxh4 26.Qxh4 gxf6 0-1

[Event "2. Bundesliga West 2013/14"]
[Site "Salzburg"]
[Date "2013.12.01"]
[Round "5"]
[Board "4"]
[White "Lins, Philipp"]
[Black "Ager, Josef"]
[Result "0-1"]
[WhiteElo "2067"]
[BlackElo "2167"]
[PlyCount "70"]
[EventDate "2013.10.18"]
[EventType "team"]
[EventRounds "11"]
[EventCountry "AUT"]
[WhiteTeam "Pradl"]
[BlackTeam "Ranshofen"]

1.Nf3 g6 2.g3 Bg7 3.Bg2 c5 4.c4 Nc6 5.Nc3 Nh6 6.d3 Nf5 7.O-O O-O 8.Bd2 Rb8 9.Rb1 a6
10.a3 b5 11.cxb5 axb5 12.b4 cxb4 13.axb4 d6 14.Ne4 Nfd4 15.Nxd4 Nxd4 16.Bc3 f5 17.Bxd4
Bxd4 18.Qb3+ e6 19.e3 Bg7 20.Nd2 Qe7 21.Rbc1 Bb7 22.Bxb7 Rxb7 23.Rc6 Ra8 24.d4 d5
25.Qc3 Bf8 26.Rb1 Kg7 27.Nf3 Ra4 28.Rc8 Rxb4 29.Rxb4 Qxb4 30.Qc6 Qe7 31.Ng5 Kh6 32.Nxe6
b4 33.Nxf8 b3 34.Qc1 b2 35.Qb1 Qe4 0-1

[Event "2. Bundesliga West 2013/14"]
[Site "Salzburg"]
[Date "2013.12.01"]
[Round "5"]
[Board "5"]
[White "Riediger, Martin"]
[Black "Praxmarer, Christian"]
[Result "*"]
[WhiteElo "2264"]
[BlackElo "1989"]
[PlyCount "64"]
[EventDate "2013.10.18"]
[EventType "team"]
[EventRounds "11"]
[EventCountry "AUT"]
[WhiteTeam "Ranshofen"]
[BlackTeam "Pradl"]

1.c4 e6 2.Nf3 f5 3.g3 Nf6 4.Bg2 Be7 5.d4 d6 6.O-O O-O 7.Nc3 a5 8.b3 Ne4 9.Bb2 Nxc3
10.Bxc3 Qe8 11.a3 Qh5 12.Ne1 c6 13.Nd3 d5 14.e3 Qh6 15.a4 Nd7 16.c5 Nf6 17.Qe1 Bd8
18.f3 g5 19.Ne5 Bc7 20.Bd2 Qh5 21.h3 Nd7 22.Nxd7 Bxd7 23.f4 b6 24.cxb6 Bxb6 25.b4
gxf4 26.gxf4 Rf6 27.Qd1 Qh6 28.Kh2 Rg6 29.Rg1 Kf7 30.Bf3 Rxg1 31.Qxg1 axb4 32.Bxb4
Rg8

[Event "2. Bundesliga West 2013/14"]
[Site "Salzburg"]
[Date "2013.12.01"]
[Round "5"]
[Board "6"]
[White "Riha, Alexander"]
[Black "Kuecher, Wolfgang"]
[Result "*"]
[WhiteElo "2037"]
[BlackElo "2079"]
[PlyCount "74"]
[EventDate "2013.10.18"]
[EventType "team"]
[EventRounds "11"]
[EventCountry "AUT"]
[WhiteTeam "Pradl"]
[BlackTeam "Ranshofen"]

1.d4 Nf6 2.c4 c6 3.Nc3 d5 4.cxd5 cxd5 5.Bf4 Nc6 6.e3 a6 7.Bd3 g6 8.h3 Bg7 9.Nf3 O-O
10.O-O b5 11.Ne5 Bb7 12.Nxc6 Bxc6 13.Rc1 Qd7 14.Qb3 Rfc8 15.a3 Ne8 16.Na2 Nd6 17.Bxd6
Qxd6 18.Qb4 Qxb4 19.Nxb4 Bb7 20.Be2 Kf8 21.Nd3 Ke8 22.Bg4 e6 23.b4 Bf8 24.Nc5 Bxc5
25.Rxc5 Rxc5 26.bxc5 Bc6 27.Rb1 Rb8 28.Kf1 a5 29.Be2 Kd7 30.Ke1 f6 31.f4 Ke7 32.h4
e5 33.fxe5 fxe5 34.Kd2 e4 35.Rf1 Rf8 36.Rb1 Rb8 37.Bf1 Rf8

[Event "2. Bundesliga West 2013/14"]
[Site "Salzburg"]
[Date "2014.01.17"]
[Round "6"]
[Board "1"]
[White "Berchtenbreiter, Maximilian"]
[Black "Roth, Peter"]
[Result "*"]
[WhiteElo "2427"]
[BlackElo "2191"]
[PlyCount "51"]
[EventDate "2013.10.18"]
[EventType "team"]
[EventRounds "11"]
[EventCountry "AUT"]
[WhiteTeam "Kufstein / Woergl"]
[BlackTeam "ASK Salzburg 1"]

1.e4 c6 2.d4 d5 3.exd5 cxd5 4.c4 Nf6 5.Nc3 Nc6 6.cxd5 Nxd5 7.Bb5 e6 8.Nf3 Be7 9.O-O
O-O 10.Re1 Nc7 11.Bd3 g6 12.Bc4 Bf6 13.Bh6 Bg7 14.Bg5 f6 15.Bf4 Nd5 16.Bg3 Nce7 17.Qb3
Kh8 18.Rac1 a6 19.a4 b6 20.Nd2 Nxc3 21.bxc3 Nd5 22.Rb1 Bh6 23.Ne4 f5 24.Be5+ Bg7 25.Bxd5
exd5 26.Nd6

[Event "2. Bundesliga West 2013/14"]
[Site "Salzburg"]
[Date "2014.01.17"]
[Round "6"]
[Board "2"]
[White "Harringer, Franz"]
[Black "Zelbel, Patrick"]
[Result "0-1"]
[WhiteElo "2264"]
[BlackElo "2395"]
[PlyCount "52"]
[EventDate "2013.10.18"]
[EventType "team"]
[EventRounds "11"]
[EventCountry "AUT"]
[WhiteTeam "ASK Salzburg 1"]
[BlackTeam "Kufstein / Woergl"]

1.e4 c5 2.Nf3 d6 3.d4 cxd4 4.Nxd4 Nf6 5.Nc3 g6 6.Bg5 Bg7 7.Bb5+ Bd7 8.Qe2 a6 9.Bxd7+
Nbxd7 10.O-O-O Rc8 11.Nb3 h6 12.Bh4 Rxc3 13.bxc3 Qc7 14.Rd4 Nb6 15.Rhd1 Nfd7 16.f4
Bxd4 17.cxd4 d5 18.Qf3 O-O 19.f5 Rc8 20.Rd2 g5 21.Bg3 dxe4 22.Qxe4 Qc3 23.Qxe7 Nc4
24.Qxd7 Nxd2 25.Nc5 Rf8 26.Bd6 Nc4 0-1

[Event "2. Bundesliga West 2013/14"]
[Site "Salzburg"]
[Date "2014.01.17"]
[Round "6"]
[Board "3"]
[White "Bertagnolli, Alexander"]
[Black "Juergens, Klaus"]
[Result "*"]
[WhiteElo "2333"]
[BlackElo "2140"]
[PlyCount "76"]
[EventDate "2013.10.18"]
[EventType "team"]
[EventRounds "11"]
[EventCountry "AUT"]
[WhiteTeam "Kufstein / Woergl"]
[BlackTeam "ASK Salzburg 1"]

1.f4 c5 2.Nf3 Nc6 3.e3 g6 4.d4 Nf6 5.d5 Nb4 6.Nc3 d6 7.e4 Bg7 8.a3 Na6 9.e5 Nh5 10.Bb5+
Bd7 11.Qe2 O-O 12.O-O Nc7 13.Bc4 Rb8 14.a4 a6 15.a5 Qc8 16.Ne4 Nb5 17.Bxb5 Bxb5 18.c4
Bd7 19.h3 Bf5 20.Kh2 dxe5 21.fxe5 Bxe4 22.Qxe4 f5 23.Qd3 b5 24.b3 bxc4 25.bxc4 Qc7
26.Re1 Rfd8 27.Ra2 Qd7 28.Be3 Rdc8 29.Rd2 f4 30.Bf2 Bh6 31.Bh4 Ng3 32.e6 Qd6 33.Bxe7
Qxe7 34.d6 Qf6 35.d7 Nf5 36.e7 Nxe7 37.dxc8=Q+ Rxc8 38.Qd7 Bf8